[Event "Golden Cleopatra Open"]
[Site "Cairo EGY"]
[Date "2001.05.09"]
[Round "8"]
[White "Abou el Zein,E"]
[Black "Hatem,I"]
[Result "1-0"]
[WhiteElo "2330"]
[BlackElo "2393"]
[EventDate "2001.05.02"]

1. c4 e5 2. Nc3 d6 3. g3 Nc6 4. Bg2 Be6 5. d3 Qd7 6. Rb1 h5 7. h4 a5 8. a3
f5 9. Nf3 Nf6 10. Ng5 Bg8 11. Nd5 Be7 12. O-O Nxd5 13. cxd5 Nd8 14. e4 g6
15. Be3 Nf7 16. Ne6 Nd8 17. exf5 gxf5 18. Nxd8 Bxd8 19. f4 Bf6 20. Qf3 Bf7
21. fxe5 Bxe5 22. d4 Bg7 23. Bh3 Qb5 24. Qxf5 O-O 25. Qg5 Qxd5 26. Rf5 Qe4
27. Rbf1 Rae8 28. R1f3 Bd5 29. Qxh5 Qb1+ 30. Rf1 Qe4 31. Rxf8+ Bxf8 32. Kh2
c6 33. Re1 Re7 34. Qg5+ Bg7 35. Qh5 Bxd4 36. Bd2 Qh7 37. Qg4+ Kf8 38. Qc8+
1-0

[Event "Golden Cleopatra Open"]
[Site "Cairo EGY"]
[Date "2001.05.09"]
[Round "8"]
[White "Rahman,Ye"]
[Black "Tissir,M"]
[Result "0-1"]
[WhiteElo "2267"]
[BlackElo "2352"]
[EventDate "2001.05.02"]

1. d4 Nf6 2. c4 e6 3. Nc3 Bb4 4. Qc2 c5 5. dxc5 Bxc5 6. Nf3 O-O 7. Bg5 Be7
8. e4 Nc6 9. a3 h6 10. Bf4 Qa5 11. O-O-O a6 12. h3 d6 13. Bxd6 Bxd6 14.
Rxd6 Bd7 15. Be2 Rfc8 16. Rhd1 Be8 17. Nd4 Qg5+ 18. Kb1 Qxg2 19. f4 Qxh3
20. Nf3 Qg3 21. f5 Rd8 22. c5 Rxd6 23. cxd6 Rd8 24. Qd2 exf5 25. Rg1 Qh3
26. e5 Ne4 27. Qc2 Bd7 28. Nd5 f4 29. Bd3 Ng5 30. Ne7+ Nxe7 31. dxe7 Re8
32. Nxg5 hxg5 33. Be4 f3 34. Qd2 Bf5 35. Bxf5 Qxf5+ 36. Ka1 Qxe5 37. Re1
Qc7 38. Rh1 Rxe7 39. Qd3 Re6 40. Qh7+ Kf8 41. Qh8+ Ke7 42. Qxg7 Qe5 43. Qg8
Rb6 44. Rb1 f2 0-1

[Event "Golden Cleopatra Open"]
[Site "Cairo EGY"]
[Date "2001.05.09"]
[Round "8"]
[White "Chahrani,I"]
[Black "Himdan,M"]
[Result "1/2-1/2"]
[WhiteElo "2358"]
[BlackElo "2348"]
[EventDate "2001.05.02"]

1. e4 e5 2. Nf3 Nc6 3. d4 exd4 4. Bc4 Nf6 5. e5 d5 6. Bb5 Ne4 7. Nxd4 Bd7
8. Bxc6 bxc6 9. O-O c5 10. Nb3 c6 11. f3 Ng5 12. f4 Ne4 13. Nc3 Bf5 14.
Nxe4 Bxe4 15. Nd2 Bf5 16. b3 Qd7 17. Ba3 Be7 18. Rc1 h5 19. Qe2 Qc7 20. h3
Qa5 21. Nb1 Rh6 22. Qe1 Qa6 23. Qc3 d4 24. Qc4 Qxc4 25. bxc4 Rb8 26. Nd2
Rb6 27. Nb3 Ra6 28. Bxc5 Bxc5 29. Nxc5 Rxa2 30. Nb3 c5 31. Nxc5 Rxc2 32.
Nb7 Rg6 33. Nd6+ Kf8 34. Rxc2 Bxc2 35. c5 Re6 36. Rf2 d3 37. c6 Re7 38. Nb5
Ke8 39. Nd4 Kd8 40. Nxc2 dxc2 41. Rxc2 Kc7 42. Kf2 Re6 43. Ra2 Kb6 44. Kf3
g6 45. g4 hxg4+ 46. Kxg4 Rxc6 47. f5 gxf5+ 48. Kxf5 a5 49. h4 Rh6 50. Rh2
a4 51. h5 1/2-1/2

[Event "Golden Cleopatra Open"]
[Site "Cairo EGY"]
[Date "2001.05.09"]
[Round "8"]
[White "Amin,B"]
[Black "Afifi,As"]
[Result "1/2-1/2"]
[WhiteElo "2133"]
[BlackElo "2326"]
[EventDate "2001.05.02"]

1. e4 c5 2. Nf3 Nc6 3. d3 g6 4. g3 Bg7 5. Bg2 d6 6. O-O e5 7. c3 Nge7 8. a3
a5 9. a4 h6 10. Na3 Be6 11. Nb5 O-O 12. Nd2 Qd7 13. Nc4 Nc8 14. f4 f5 15.
Qe2 fxe4 16. dxe4 exf4 17. Bxf4 Ne5 18. Nbxd6 Nxd6 19. Nxe5 Bxe5 20. Bxe5
Nc4 21. Bf4 g5 22. Be3 Qc7 23. Rad1 Ne5 24. Rxf8+ Rxf8 25. Rf1 Rxf1+ 26.
Qxf1 Kg7 27. h4 Kg6 28. hxg5 hxg5 29. Qf8 b6 30. Qh8 Ng4 31. Bf2 Qd7 32.
Bf3 Qd2 33. Qe8+ Kf6 34. Bxg4 Bxg4 35. e5+ Kg7 36. e6 Qd1+ 37. Kh2 Bf3
1/2-1/2

[Event "Golden Cleopatra Open"]
[Site "Cairo EGY"]
[Date "2001.05.09"]
[Round "8"]
[White "Hassan,Say"]
[Black "Yousry,S"]
[Result "1-0"]
[WhiteElo "2363"]
[BlackElo "2274"]
[EventDate "2001.05.02"]

1. e4 c5 2. Nc3 Nc6 3. f4 a6 4. Nf3 e6 5. d4 cxd4 6. Nxd4 Qb6 7. Nb3 Bb4 8.
a3 Bxc3+ 9. bxc3 Nf6 10. e5 Ne4 11. Qf3 d5 12. exd6 Nxd6 13. c4 Nf5 14. c5
Qd8 15. Bb2 Qd5 16. Qxd5 exd5 17. O-O-O Nce7 18. Re1 h5 19. Bd3 O-O 20.
Rhg1 f6 21. c4 dxc4 22. Bxc4+ Kh7 23. Bd3 Kh8 24. Be2 Be6 25. Nd4 Nxd4 26.
Bxd4 Rfd8 27. Bf2 Nd5 28. Bc4 Bg8 29. g3 Rac8 30. Re2 Nc3 31. Rc2 Ne4 32.
Be3 Nxc5 33. Bxg8 Nd3+ 34. Kb1 Rxg8 35. Rd1 Rxc2 36. Kxc2 Nc5 37. Bxc5 Rc8
38. Rd5 b6 39. Rxh5+ Kg8 40. Kd3 bxc5 41. Kc4 Rb8 42. Rxc5 Rb2 43. Rh5 g6
44. Ra5 Rxh2 45. Rxa6 Rg2 46. Rxf6 Rxg3 47. a4 Rg4 48. Kd4 Kg7 49. Ke5 Rg1
50. Rb6 Re1+ 51. Kd5 Rd1+ 52. Kc6 Rd4 53. a5 Rxf4 54. a6 Rf6+ 55. Kb5 Rf5+
56. Kb4 Rf4+ 57. Ka5 Rf1 58. Rb4 Rf8 59. a7 Ra8 60. Ka6 Kh6 61. Rb8 Rxa7+
62. Kxa7 Kh5 63. Kb6 g5 64. Kc5 1-0

[Event "Golden Cleopatra Open"]
[Site "Cairo EGY"]
[Date "2001.05.09"]
[Round "8"]
[White "Sarwat,W"]
[Black "Abdel Aziem,R"]
[Result "1-0"]
[WhiteElo "2356"]
[BlackElo "2269"]
[EventDate "2001.05.02"]

1. e4 e5 2. Nf3 Nc6 3. Bb5 a6 4. Ba4 Nf6 5. O-O Be7 6. Re1 b5 7. Bb3 O-O 8.
h3 Bb7 9. c3 d5 10. d4 dxe4 11. Nxe5 Nxe5 12. dxe5 Nd7 13. e6 Nc5 14. exf7+
Kh8 15. Nd2 a5 16. Qh5 Ra6 17. Bc2 Re6 18. Nb3 Nxb3 19. Bxb3 Rg6 20. Qxb5
Bc6 21. Qf1 e3 22. f3 Bd6 23. Bxe3 Qh4 24. Rad1 Qxh3 25. Rxd6 cxd6 26. Bc2
Qg3 27. Bxg6 Qxg6 28. Bf4 Qxf7 29. Bxd6 Rg8 30. b3 h6 31. Be5 Rf8 32. Qf2
Qg6 33. Bg3 a4 34. c4 axb3 35. axb3 Ra8 36. Be5 Rf8 37. Re3 Rf5 38. f4 Rf7
39. Rg3 Qb1+ 40. Kh2 Kh7 41. Qd4 Rd7 42. Qxd7 Bxd7 43. Rxg7+ Kh8 44. Rxd7+
Kg8 45. Rg7+ Kf8 46. Rg3 Ke7 47. Rh3 h5 48. c5 Kd7 49. Rxh5 Kc6 50. b4 Qg6
51. Rh8 Kd5 52. Bd6 Kc4 53. Kh3 Kxb4 54. g4 Kc4 55. Rh5 Kd4 56. f5 Qf6 57.
Rh7 Ke4 58. Kg3 Qc3+ 59. Kh4 Qd4 60. Kg5 Kf3 61. Rh3+ Kg2 62. Rg3+ Kh1 63.
f6 Qd5+ 64. Kh6 Qg8 65. Rh3+ Kg2 66. Re3 Qxg4 67. f7 Qh4+ 68. Kg6 Qg4+ 69.
Kf6 Qh4+ 70. Ke6 Qg4+ 71. Ke7 Qg5+ 72. Kd7 Qxe3 73. f8=Q Qd3 74. Qg7+ Kh1
75. Qh6+ Kg2 76. Qg5+ Kf1 77. Qf4+ Ke2 78. Qg4+ Kf1 79. c6 Qb5 80. Qf3+ Kg1
81. Qe4 Qb3 1-0

[Event "Golden Cleopatra Open"]
[Site "Cairo EGY"]
[Date "2001.05.10"]
[Round "9"]
[White "Marin,M"]
[Black "Komarov,D"]
[Result "1/2-1/2"]
[WhiteElo "2601"]
[BlackElo "2539"]
[EventDate "2001.05.02"]

1. c4 Nf6 2. Nc3 e5 3. Nf3 Nc6 4. g3 Bb4 5. Nd5 Bc5 6. Bg2 d6 7. O-O O-O 8.
d3 Nxd5 9. cxd5 Nd4 10. Nxd4 Bxd4 11. e3 Bb6 12. b4 a5 13. bxa5 Bxa5 14.
Bb2 Qe7 15. e4 1/2-1/2

[Event "Golden Cleopatra Open"]
[Site "Cairo EGY"]
[Date "2001.05.10"]
[Round "9"]
[White "Sulava,N"]
[Black "Barsov,A"]
[Result "1/2-1/2"]
[WhiteElo "2526"]
[BlackElo "2519"]
[EventDate "2001.05.02"]

1. d4 e6 2. Nf3 c5 3. e4 cxd4 4. Nxd4 Nf6 5. Nc3 Nc6 6. Ndb5 d6 7. Bf4 e5
8. Nd5 Nxd5 9. exd5 Nb8 10. Bd2 a6 11. Na3 Be7 12. Nc4 Nd7 13. a4 b6 14.
Be2 O-O 15. O-O Bb7 16. Bb4 Qc7 17. Kh1 a5 18. Be1 1/2-1/2

[Event "Golden Cleopatra Open"]
[Site "Cairo EGY"]
[Date "2001.05.10"]
[Round "9"]
[White "Sermek,D"]
[Black "Mirzoev,A"]
[Result "1/2-1/2"]
[WhiteElo "2525"]
[BlackElo "2488"]
[EventDate "2001.05.02"]

1. e4 c6 2. d4 d5 3. exd5 cxd5 4. c4 Nf6 5. Nc3 e6 6. cxd5 Nxd5 7. Bd3 Be7
8. Nf3 Nc6 9. O-O O-O 10. Nxd5 exd5 11. h3 Be6 12. Be3 1/2-1/2

[Event "Golden Cleopatra Open"]
[Site "Cairo EGY"]
[Date "2001.05.10"]
[Round "9"]
[White "Fominyh,A"]
[Black "Khamrakulov,I"]
[Result "1/2-1/2"]
[WhiteElo "2571"]
[BlackElo "2451"]
[EventDate "2001.05.02"]

1. d4 Nf6 2. Nf3 g6 3. c4 Bg7 4. g3 O-O 5. Bg2 d5 6. cxd5 Nxd5 7. O-O c5 8.
dxc5 Na6 9. c6 bxc6 10. Nbd2 Qc7 11. a3 Nc5 12. Qc2 Qb6 13. Rb1 Ba6 14. Re1
Ne6 15. e4 Ndc7 16. Nc4 Qc5 17. b3 Nb5 18. Be3 Nbd4 19. Nxd4 Nxd4 20. Red1
Rfd8 21. Bf1 Qh5 22. Bxd4 Bxd4 1/2-1/2

[Event "Golden Cleopatra Open"]
[Site "Cairo EGY"]
[Date "2001.05.10"]
[Round "9"]
[White "Rausis,I"]
[Black "Velicka,P"]
[Result "1-0"]
[WhiteElo "2500"]
[BlackElo "2451"]
[EventDate "2001.05.02"]

1. d4 d5 2. Nf3 Nf6 3. c4 c6 4. Nc3 a6 5. Bg5 Ne4 6. Bf4 Nxc3 7. bxc3 dxc4
8. e4 b5 9. Ne5 Qa5 10. Rc1 e6 11. Qh5 Qc7 12. Bg3 Qa7 13. Qg4 h5 14. Qg5
Qe7 15. Qe3 g6 16. Bf4 Bg7 17. Be2 Bb7 18. Rb1 O-O 19. O-O Rc8 20. Rfd1 Kh7
21. Rb2 f6 22. Nf3 Nd7 23. Bxc4 bxc4 24. Rxb7 g5 25. Bxg5 fxg5 26. Qxg5 Re8
27. Qxh5+ Kg8 28. Rdb1 Rab8 29. Rxb8 Rxb8 30. Rxb8+ Nxb8 31. Ng5 Nd7 32.
Qh7+ Kf8 33. Qg6 Kg8 34. Qxe6+ Qxe6 35. Nxe6 c5 36. Nxc5 Nxc5 37. dxc5 Bxc3
38. Kf1 Kf7 39. Ke2 Bd4 40. c6 Ke6 41. h4 Kd6 42. h5 c3 43. f3 Kxc6 44. Kd3
Kd7 45. h6 Ke7 46. h7 c2 47. Kxc2 Kf7 48. Kd3 Bb2 49. Kc4 Kg7 50. Kd5 Kxh7
51. f4 Kg7 52. Ke6 a5 53. a4 Bc1 54. f5 Bb2 55. e5 Ba3 56. g4 Bb2 57. Kd6
Bc1 58. Ke7 Bb2 59. f6+ Kg6 60. f7 Ba3+ 61. Ke8 Kg7 62. e6 1-0

[Event "Golden Cleopatra Open"]
[Site "Cairo EGY"]
[Date "2001.05.10"]
[Round "9"]
[White "Medvegy,Z"]
[Black "Kasparov,S"]
[Result "1/2-1/2"]
[WhiteElo "2444"]
[BlackElo "2456"]
[EventDate "2001.05.02"]

1. e4 c6 2. d4 d5 3. Nc3 dxe4 4. Nxe4 Bf5 5. Ng3 Bg6 6. h4 h6 7. Nf3 Nd7 8.
h5 Bh7 9. Bd3 Bxd3 10. Qxd3 e6 11. Bf4 Ngf6 12. O-O-O Nd5 13. Bd2 Nb4 14.
Bxb4 Bxb4 15. Ne4 Qa5 16. a3 Be7 17. Ne5 Rd8 18. f4 O-O 19. Qe3 Nxe5 20.
dxe5 Qb6 21. Qxb6 axb6 22. Nd6 Bxd6 23. exd6 Rd7 24. Rh3 Rfd8 25. Rhd3 g6
26. c4 Kg7 27. b4 c5 28. Kc2 gxh5 29. Kb3 Kf6 30. Ka4 Rc8 31. Kb5 1/2-1/2

[Event "Golden Cleopatra Open"]
[Site "Cairo EGY"]
[Date "2001.05.10"]
[Round "9"]
[White "Bakre,T"]
[Black "Roeder,M"]
[Result "1/2-1/2"]
[WhiteElo "2419"]
[BlackElo "2459"]
[EventDate "2001.05.02"]

1. e4 c5 2. Nf3 d6 3. d4 cxd4 4. Nxd4 Nf6 5. Nc3 a6 6. Be3 e5 7. Nb3 Be7 8.
f3 Be6 9. Qd2 O-O 10. O-O-O b5 11. g4 b4 12. Nd5 Bxd5 13. exd5 a5 14. Kb1
Qc7 15. g5 Nfd7 16. h4 f5 17. g6 f4 18. gxh7+ Kh8 19. Bg1 a4 20. Nc1 Na6
21. Bd3 Ndc5 22. Bxc5 Nxc5 23. Rdg1 Bf6 24. Rg6 b3 25. cxb3 axb3 26. a3 e4
27. Bxe4 Bxb2 28. Qxb2 Na4 29. Qd4 Nc3+ 30. Kb2 Na4+ 31. Kb1 Nc3+ 32. Kb2
1/2-1/2

[Event "Golden Cleopatra Open"]
[Site "Cairo EGY"]
[Date "2001.05.10"]
[Round "9"]
[White "Radulov,I"]
[Black "Surjadnji,A"]
[Result "1-0"]
[WhiteElo "2390"]
[BlackElo "2431"]
[EventDate "2001.05.02"]

1. Nf3 Nf6 2. g3 g6 3. Bg2 Bg7 4. d4 O-O 5. O-O d6 6. c4 Nbd7 7. Nc3 e5 8.
e4 exd4 9. Nxd4 Nc5 10. h3 Re8 11. Re1 a5 12. Qc2 a4 13. Be3 c6 14. Rad1
Nfd7 15. Kh2 Qa5 16. f4 Qb4 17. Nb1 Nf6 18. Bd2 Qb6 19. Bc3 Bd7 20. Nd2 a3
21. b3 Na6 22. e5 dxe5 23. fxe5 Nh5 24. N2f3 Bf8 25. e6 Bxe6 26. Nxe6 Rxe6
27. Rxe6 fxe6 28. g4 Ng7 29. Ne5 Rd8 30. Nd7 Qc7+ 31. Be5 Qa5 32. Qe2 Be7
33. Qe3 Nc5 34. b4 Qxb4 35. Bc3 Qxc4 36. Qe5 Qxc3 37. Qxc3 Rxd7 38. Rxd7
Nxd7 39. Qb3 Nc5 40. Qxa3 Ne8 41. Qa8 Kf7 42. a4 Bf8 43. a5 Nc7 44. Qc8
N7a6 45. Bf1 Nb4 46. Bc4 Nd5 47. h4 Bd6+ 48. Kh1 Ne3 49. Be2 Be5 50. a6
Nxa6 51. Qd7+ Kf6 52. Qxh7 Bf4 53. g5+ Ke5 54. Qxb7 Nc5 55. Qg7+ Kd5 56.
Bf3+ Kc4 57. Qxg6 Nf5 58. h5 Kd4 59. h6 Ke3 60. Bg4 Nh4 61. Qh5 Bg3 62. h7
1-0

[Event "Golden Cleopatra Open"]
[Site "Cairo EGY"]
[Date "2001.05.10"]
[Round "9"]
[White "Tissir,M"]
[Black "Abou el Zein,E"]
[Result "1-0"]
[WhiteElo "2352"]
[BlackElo "2330"]
[EventDate "2001.05.02"]

1. e4 c5 2. Nf3 Nc6 3. d4 cxd4 4. Nxd4 Nf6 5. Nc3 e5 6. Ndb5 d6 7. Bg5 a6
8. Na3 b5 9. Bxf6 gxf6 10. Nd5 Bg7 11. Bd3 Ne7 12. Nxe7 Qxe7 13. O-O O-O
14. c4 f5 15. Qf3 Rb8 16. exf5 bxc4 17. Nxc4 Bb7 18. Be4 d5 19. Bxd5 e4 20.
f6 Bxf6 21. Qg4+ Kh8 22. Bxb7 Rxb7 23. Rae1 Bxb2 24. Rxe4 Qc5 25. Qf3 Bg7
26. Ne3 Rb2 27. Nf5 Be5 28. Rh4 Qc7 29. Qa3 Ra8 30. g3 a5 31. Re1 Rab8 32.
Qd3 f6 33. Ree4 Rd8 34. Qf3 Rd7 35. Qh5 Qd8 36. a4 Qa8 37. Qf3 Qa6 38. Rc4
Bd4 39. Rhxd4 Rb1+ 40. Kg2 Rxd4 41. Nxd4 Qxc4 42. Qxf6+ Kg8 43. Qg5+ Kh8
44. Qe5+ Kg8 45. Qe8+ Kg7 46. Ne6+ Kf6 47. Qh8+ Ke7 48. Qd8+ Kf7 49. Qf8+
Kg6 50. Nf4+ Kg5 51. h4+ Kg4 52. f3+ 1-0

[Event "Golden Cleopatra Open"]
[Site "Cairo EGY"]
[Date "2001.05.10"]
[Round "9"]
[White "Himdan,M"]
[Black "Hamed,Ah"]
[Result "1/2-1/2"]
[WhiteElo "2348"]
[BlackElo "2331"]
[EventDate "2001.05.02"]

1. e4 d6 2. d4 Nf6 3. Nc3 g6 4. Bg5 c6 5. Qd2 b5 6. Bd3 Nbd7 7. f4 Bg7 8.
e5 b4 9. Ne4 Nxe4 10. Bxe4 d5 11. Bf3 Qb6 12. Ne2 e6 13. O-O a5 14. Kh1 O-O
15. a3 Ba6 16. axb4 axb4 17. Be7 Rfb8 18. Bd6 Rb7 19. Ra4 c5 20. Rfa1 Rba7
21. Ng1 Bb7 22. Rxa7 Rxa7 23. dxc5 Nxc5 24. Rxa7 Qxa7 25. Qd4 Bf8 26. Bxf8
Kxf8 27. Qxb4 Kg7 28. Qd4 Qb6 29. b4 Na4 30. Qxb6 Nxb6 31. Ne2 f6 32. exf6+
Kxf6 33. Kg1 g5 34. g3 gxf4 35. gxf4 e5 36. fxe5+ Kxe5 37. Kf2 Nc4 38. c3
Nd2 39. Nd4 Nb1 40. Nb5 Ba6 41. Nc7 Bc4 42. b5 Nxc3 43. b6 Kd6 44. Ke3 Na4
1/2-1/2

[Event "Golden Cleopatra Open"]
[Site "Cairo EGY"]
[Date "2001.05.10"]
[Round "9"]
[White "El Arousy,A"]
[Black "Abdel Razik,K"]
[Result "0-1"]
[WhiteElo "2370"]
[BlackElo "2365"]
[EventDate "2001.05.02"]

1. e4 e6 2. d4 d5 3. Nc3 Bb4 4. Nge2 dxe4 5. a3 Bxc3+ 6. Nxc3 Nc6 7. Bb5
Nge7 8. Bg5 f6 9. Be3 O-O 10. Qd2 f5 11. O-O-O Nd5 12. Bxc6 bxc6 13. Bf4
Qe7 14. Na4 Nb6 15. Nc5 Nd7 16. Nxd7 Qxd7 17. f3 Rb8 18. Kb1 Ba6 19. Rhe1
Bc4 20. fxe4 fxe4 21. Rxe4 Bd5 22. Re2 Qe7 23. Qe3 Rxf4 24. Qxf4 Qxa3 25.
Kc1 Qxb2+ 26. Kd2 Qb4+ 27. Kc1 Qa3+ 28. Kd2 Qa5+ 29. c3 Rb2+ 30. Ke1 Qxc3+
31. Kf2 Rxe2+ 32. Kxe2 Bxg2 33. Rc1 Qb3 34. Qe3 Qb2+ 35. Qd2 Qb5+ 36. Kf2
Bd5 37. Qc2 Qb8 38. Kg3 Qb4 39. Qc3 Qd6+ 40. Kh3 Qf4 41. Rg1 Bf3 42. Qe1
Be4 43. Qg3 Bf5+ 44. Kg2 Qxd4 45. Qxc7 Be4+ 46. Kh3 Qxg1 47. Qd8+ Kf7 48.
Qd7+ Kf6 49. Qd8+ Ke5 50. Qb8+ Kd4 51. Qb4+ Kd5 52. Qb3+ Kc5 53. Qc3+ Kd6
54. Qb4+ Qc5 55. Qb8+ Kd5 56. Qb3+ Qc4 0-1

[Event "Golden Cleopatra Open"]
[Site "Cairo EGY"]
[Date "2001.05.10"]
[Round "9"]
[White "Frhat,A"]
[Black "Hatem,I"]
[Result "1/2-1/2"]
[WhiteElo "2306"]
[BlackElo "2393"]
[EventDate "2001.05.02"]

1. e4 c5 2. Nf3 Nc6 3. d4 cxd4 4. Nxd4 d6 5. Nc3 Nf6 6. Bc4 g6 7. Nxc6 bxc6
8. e5 Nd7 9. exd6 exd6 10. O-O Ne5 11. Re1 Be7 12. Rxe5 dxe5 13. Qf3 O-O
14. Bh6 Bf5 15. Bxf8 Qxf8 16. Qxc6 Bxc2 17. Re1 Rc8 18. Qa6 Bd6 19. Nd5 Kg7
20. b3 Qd8 21. Qxa7 Bc5 22. Qb7 Bxf2+ 23. Kxf2 Qh4+ 24. Ke2 Rxc4 25. bxc4
Qxc4+ 26. Kd2 Bf5 27. Qb3 Qd4+ 28. Ke2 Be6 29. Qd3 Bg4+ 30. Kd2 Qf2+ 31.
Re2 Bxe2 32. Qxe2 Qd4+ 33. Qd3 Qf2+ 34. Qe2 Qd4+ 1/2-1/2

[Event "Golden Cleopatra Open"]
[Site "Cairo EGY"]
[Date "2001.05.10"]
[Round "9"]
[White "Chahrani,I"]
[Black "Hassan,Say"]
[Result "1-0"]
[WhiteElo "2358"]
[BlackElo "2363"]
[EventDate "2001.05.02"]

1. e4 e6 2. Qe2 Be7 3. Nf3 d5 4. d3 b6 5. e5 c5 6. g3 Bb7 7. Bg2 Nc6 8. O-O
g5 9. c3 h5 10. Na3 Nh6 11. Nc2 g4 12. Nfe1 Qc7 13. Bf4 O-O-O 14. b4 h4 15.
bxc5 bxc5 16. Ne3 hxg3 17. fxg3 d4 18. Bxh6 Rxh6 19. Nxg4 Rh7 20. c4 Rdh8
21. Be4 Rg7 22. Ng2 Rh5 23. Rab1 Ba8 24. Nf4 Rhg5 25. h3 Kd7 26. Rf2 Qc8
27. Bf3 Bd8 28. h4 Rxg4 29. Bxg4 Rxg4 30. Qxg4 Nxe5 31. Qe2 Qc6 32. Ng2 Bc7
33. Re1 f5 34. Rf4 Nxd3 35. Ref1 Nxf4 36. gxf4 Bd8 37. Kh2 Qxg2+ 38. Qxg2
Bxg2 39. Kxg2 Bxh4 40. Rh1 Be7 41. Kf3 Kd6 42. Rh8 Kd7 43. Ra8 Bd8 44.
Rxa7+ Bc7 45. Rb7 Kc6 46. Rb5 d3 47. Ke3 d2 48. Kxd2 Bxf4+ 49. Ke2 Bc7 50.
a4 e5 51. a5 Bd8 52. a6 Bb6 53. Kf3 Kc7 54. Kg3 Kc6 55. Kh4 e4 56. Kg5 e3
57. Kxf5 e2 58. Rb1 1-0

[Event "Golden Cleopatra Open"]
[Site "Cairo EGY"]
[Date "2001.05.10"]
[Round "9"]
[White "El Ghazali,Y"]
[Black "Amin,B"]
[Result "1-0"]
[WhiteElo "2343"]
[BlackElo "2133"]
[EventDate "2001.05.02"]

1. c4 e6 2. Nf3 Nf6 3. e3 d5 4. b3 Be7 5. Bb2 O-O 6. Be2 b6 7. O-O Bb7 8.
Nc3 c5 9. cxd5 exd5 10. d4 Nc6 11. Rc1 Rc8 12. dxc5 Bxc5 13. Na4 Be7 14.
Nd4 Ne4 15. Bg4 Rc7 16. Nb5 Rd7 17. Bxd7 Qxd7 18. Nac3 Nf6 19. Ne2 Ba6 20.
a4 Ne4 21. Nf4 Rd8 22. Qc2 Bc5 23. Rfd1 Nb4 24. Qe2 Re8 25. Bd4 h6 26. Bxc5
Nxc5 27. Qd2 1-0

[Event "Golden Cleopatra Open"]
[Site "Cairo EGY"]
[Date "2001.05.10"]
[Round "9"]
[White "Georg,Ma"]
[Black "Sarwat,W"]
[Result "0-1"]
[WhiteElo "2277"]
[BlackElo "2356"]
[EventDate "2001.05.02"]

1. e4 c5 2. Nf3 Nc6 3. d3 g6 4. g3 Bg7 5. Bg2 e6 6. O-O Nge7 7. Re1 b6 8.
e5 f6 9. exf6 Bxf6 10. Nc3 Bg7 11. Bf4 O-O 12. Qd2 Bb7 13. Bd6 Nb4 14. Ne5
Bxg2 15. Kxg2 Rc8 16. Ne4 Rf5 17. f4 Nbd5 18. c4 Nb4 19. g4 Rf8 20. d4 Nbc6
21. dxc5 bxc5 22. Rad1 Nd4 23. Nxc5 Rxc5 24. Qxd4 Ra5 25. a3 g5 26. Bb4
Rxe5 27. fxe5 Rf4 28. Bxe7 Qa8+ 29. Kg1 Qf3 30. Qxf4 Qxf4 31. Bf6 Qxg4+ 32.
Kf2 Bf8 33. b4 Qf4+ 34. Kg2 g4 35. Rd3 Qxc4 36. Red1 Qe4+ 37. Kf2 Bh6 38.
Rg3 Qf5+ 39. Kg1 Bf4 40. Rf1 h5 41. Rc3 Qe4 42. Rc8+ Kh7 43. Rh8+ Kg6 44.
Rg8+ Kf7 45. Rg7+ Kf8 46. Rxf4 Qxf4 47. Rxd7 Qe3+ 48. Kg2 h4 49. Rd8+ Kf7
50. Rd7+ Kg6 51. Bxh4 0-1

[Event "Golden Cleopatra Open"]
[Site "Cairo EGY"]
[Date "2001.05.10"]
[Round "9"]
[White "Ezat,M"]
[Black "Elgabry,M"]
[Result "1-0"]
[WhiteElo "2332"]
[BlackElo "2328"]
[EventDate "2001.05.02"]

1. d4 Nf6 2. c4 g6 3. Nc3 Bg7 4. e4 O-O 5. Be2 d6 6. Bg5 h6 7. Be3 c6 8.
Qd2 Kh7 9. h3 e5 10. d5 cxd5 11. cxd5 Nbd7 12. Nf3 Nh5 13. O-O a6 14. Nh2
Nhf6 15. b4 Ng8 16. Rfc1 f5 17. f3 f4 18. Bf2 h5 19. a4 Nh6 20. a5 Bf6 21.
Na4 Bh4 22. Bxh4 Qxh4 23. Rc7 Nf7 24. Rac1 Qf6 25. R1c2 g5 26. Qc1 Qd8 27.
Qe1 Kg6 28. Qf2 Nh6 29. Qe1 Rb8 30. Qf2 Ra8 31. Qe1 Rb8 32. Qf2 Ra8 33. Nb6
Nxb6 34. Qxb6 Qf6 35. Qf2 Rd8 36. Qe1 Rb8 37. Qf2 Ra8 38. Qe1 Qf8 39. Qf2
Ng8 40. Qe1 Nf6 41. b5 axb5 42. Bxb5 Qh6 43. Re7 g4 44. Rcc7 g3 45. Nf1 Qf8
46. Nxg3 Re8 47. Nf5 Rxe7 48. Nxe7+ Kg5 49. Qc3 Bd7 50. h4+ Kh6 51. Rxd7
Nxd7 52. Nf5+ Kg6 53. Bxd7 Qd8 54. Nxd6 Qxh4 55. Bf5+ Kh6 56. Nf7+ Kg7 57.
Nxe5 Qf6 58. Qc7+ Kh6 59. Nf7+ Kg7 60. Nd8+ Kh6 1-0

[Event "Golden Cleopatra Open"]
[Site "Cairo EGY"]
[Date "2001.05.10"]
[Round "9"]
[White "Abdel Aziem,R"]
[Black "Yousry,S"]
[Result "1-0"]
[WhiteElo "2269"]
[BlackElo "2274"]
[EventDate "2001.05.02"]

1. e4 c5 2. Nf3 Nc6 3. d4 cxd4 4. Nxd4 Nf6 5. Nc3 e5 6. Ndb5 d6 7. Bg5 a6
8. Na3 b5 9. Nd5 Be7 10. Nxe7 Nxe7 11. Bd3 Nd7 12. b4 f6 13. Be3 Nb6 14. c4
bxc4 15. Nxc4 Nxc4 16. Bxc4 Bb7 17. Qg4 Qc8 18. Qxc8+ Rxc8 19. Be6 Rc2 20.
Bb3 Rc8 21. Rd1 Bxe4 22. Rxd6 Nf5 23. Rxa6 Bxg2 24. Rg1 Nh4 25. Ke2 Bf3+
26. Ke1 Bg2 27. Ke2 Bf3+ 28. Kd2 Nf5 29. Bc5 Ra8 30. Rxa8+ Bxa8 31. Be6 g6
32. Bxf5 gxf5 33. Rg7 Bd5 34. a4 Rg8 35. Rxh7 f4 36. b5 e4 37. b6 e3+ 38.
fxe3 Rg2+ 39. Kc3 f3 40. e4 1-0

[Event "Golden Cleopatra Open"]
[Site "Cairo EGY"]
[Date "2001.05.11"]
[Round "10"]
[White "Sermek,D"]
[Black "Rausis,I"]
[Result "1/2-1/2"]
[WhiteElo "2525"]
[BlackElo "2500"]
[EventDate "2001.05.02"]

1. e4 e5 2. Nf3 Nf6 3. Nxe5 d6 4. Nf3 Nxe4 5. Qe2 Qe7 6. d3 Nf6 7. Bg5 Nbd7
8. Nc3 Qxe2+ 9. Bxe2 h6 10. Bd2 g6 11. O-O-O Bg7 12. h3 Nb6 13. Rhe1 Bd7
14. Bf1+ Kf8 15. Ne4 Re8 16. Bc3 Nxe4 17. Bxg7+ Kxg7 18. dxe4 Re7 1/2-1/2

[Event "Golden Cleopatra Open"]
[Site "Cairo EGY"]
[Date "2001.05.11"]
[Round "10"]
[White "Komarov,D"]
[Black "Fominyh,A"]
[Result "0-1"]
[WhiteElo "2539"]
[BlackElo "2571"]
[EventDate "2001.05.02"]

1. d4 d5 2. c4 dxc4 3. Nf3 Nf6 4. Nc3 a6 5. e4 b5 6. e5 Nd5 7. a4 e6 8.
axb5 Bb4 9. Qc2 Nb6 10. Qe4 Qd5 11. Qg4 axb5 12. Rxa8 Qxa8 13. Qxg7 Qa1 14.
Qxh8+ Kd7 15. Kd1 Bxc3 16. bxc3 Nd5 17. Qxh7 Nxc3+ 18. Kd2 Nc6 19. Qc2 Na4
20. Bxc4 bxc4 21. Qxc4 Nb6 22. Qc3 Qa2+ 23. Qc2 Qa5+ 24. Qc3 Nc4+ 25. Kc2
Nb4+ 26. Kd1 Qa4+ 27. Ke1 Ba6 28. d5 Nxd5 29. Qd4 Qc2 30. Qd1 Qe4+ 31. Qe2
Nce3 32. Qxa6 Nc4+ 33. Be3 Qb1+ 0-1

[Event "Golden Cleopatra Open"]
[Site "Cairo EGY"]
[Date "2001.05.11"]
[Round "10"]
[White "Khamrakulov,I"]
[Black "Sulava,N"]
[Result "1/2-1/2"]
[WhiteElo "2451"]
[BlackElo "2526"]
[EventDate "2001.05.02"]

1. e4 c6 2. c4 e5 3. Nf3 d6 4. Nc3 Bg4 5. Be2 Nd7 6. h3 Bxf3 7. Bxf3 Be7 8.
d4 Bg5 9. Bxg5 Qxg5 10. d5 c5 1/2-1/2

[Event "Golden Cleopatra Open"]
[Site "Cairo EGY"]
[Date "2001.05.11"]
[Round "10"]
[White "Tissir,M"]
[Black "Marin,M"]
[Result "1-0"]
[WhiteElo "2352"]
[BlackElo "2601"]
[EventDate "2001.05.02"]

1. e4 d6 2. d4 Nf6 3. Nc3 g6 4. Nf3 Bg7 5. Be3 O-O 6. Qd2 Bg4 7. Ng5 Nc6 8.
d5 Nb4 9. f3 Bd7 10. a3 Na6 11. h4 h6 12. Nh3 Bxh3 13. Rxh3 h5 14. O-O-O
Qc8 15. Be2 c5 16. g4 b5 17. Bxb5 Rb8 18. Rdh1 hxg4 19. fxg4 Nc7 20. Be2
Rxb2 21. Bh6 Qb7 22. Bxg7 Kxg7 23. h5 Rb8 24. Qe3 Ncxd5 25. exd5 Nxd5 26.
Qf3 Nxc3 27. Qxc3+ e5 28. Bf3 Qe7 29. Qe3 Rb1+ 30. Kd2 Rxh1 31. Rxh1 Rh8
32. Bd5 Qf6 33. h6+ Kh7 34. Rh2 Rf8 35. g5 Qe7 36. Rh1 Qd8 37. Rb1 f5 38.
gxf6 Qxf6 39. Rb7+ Kh8 40. Rxa7 g5 41. Be4 c4 42. Rh7+ Kg8 43. Rg7+ Kh8 44.
Rh7+ Kg8 45. Rg7+ Kh8 46. Rxg5 Qf1 47. Rg2 Rc8 48. h7 Qf7 49. Qg5 c3+ 50.
Ke2 1-0

[Event "Golden Cleopatra Open"]
[Site "Cairo EGY"]
[Date "2001.05.11"]
[Round "10"]
[White "Barsov,A"]
[Black "Bakre,T"]
[Result "1-0"]
[WhiteElo "2519"]
[BlackElo "2419"]
[EventDate "2001.05.02"]

1. d4 Nf6 2. c4 e6 3. Nf3 b6 4. Nc3 Bb4 5. Qb3 c5 6. Bg5 Bb7 7. O-O-O Bxc3
8. bxc3 cxd4 9. cxd4 d5 10. e4 dxc4 11. Bxc4 O-O 12. e5 Qc7 13. exf6 Rc8
14. Ne5 Nc6 15. Kb1 Nxe5 16. dxe5 Qxe5 17. f4 Qa5 18. Bxe6 Rc3 19. Bxf7+
Kf8 20. fxg7+ Kxg7 21. Qe6 Qb4+ 22. Ka1 Rc1+ 23. Rxc1 Qd4+ 24. Kb1 Be4+ 25.
Rc2 Bxc2+ 26. Kxc2 Qa4+ 27. Kd3 Qb5+ 28. Ke3 1-0